[Event "XXVI Miedzynarodowy Festiwal Szachowy w Poznaniu - OPEN A"]
[Site "Poznan"]
[Date "2018-08-24"]
[Round "7.30"]
[White "Pawlowski, Rafal "]
[Black "Zurawski, Mateusz"]
[Result "1-0"]
[WhiteTitle ""]
[BlackTitle ""]
[WhiteElo "1791"]
[BlackElo "1492"]

1. d4 f5 2. Bg5 g6 3. Nc3 Bg7 4. e4 d6 5. Bb5+ c6 6. Be2 Nf6 7. e5 dxe5 8. dxe5
Nd5 9. Nxd5 Qxd5 10. Qxd5 cxd5 11. Nf3 Nc6 12. Bf4 h6 13. h4 Bd7 14. O-O-O e6
15. Rhe1 O-O-O 16. Kb1 Rdg8 17. Bb5 Ne7 18. Bxd7+ Kxd7 19. c4 Rc8 20. b3 Ke8 21.
Nd4 Kf7 22. Nb5 Kg8 23. Nxa7 Rd8 24. c5 Nc6 25. Nxc6 bxc6 26. a3 Bf8 27. b4 Rb8
28. Kc2 Kf7 29. Be3 Be7 30. Rh1 g5 31. hxg5 hxg5 32. f3 Rbg8 33. a4 Ra8 34. a5
Rab8 35. Kc3 Kg7 36. Rxh8 Rxh8 37. a6 Ra8 38. b5 cxb5 39. Ra1 f4 40. Bd4 Kg6 41.
Kb4 g4 42. a7 1-0

[Event "XXVI Miedzynarodowy Festiwal Szachowy w Poznaniu - OPEN A"]
[Site "Poznan"]
[Date "2018-08-24"]
[Round "7.31"]
[White "Chaczynski, Kamil"]
[Black "Geselle, Roman "]
[Result "1-0"]
[WhiteTitle ""]
[BlackTitle ""]
[WhiteElo "1760"]
[BlackElo "1461"]

1. e4 Nf6 2. e5 Nd5 3. d4 d6 4. Nf3 Bg4 5. Be2 e6 6. O-O Nc6 7. c4 Nb6 8. Nc3 Be7
9. exd6 cxd6 10. Be3 Rc8 11. b3 O-O 12. Rc1 d5 13. c5 Nd7 14. b4 b6 15. Ba6 Rb8
16. b5 Nb4 17. c6 Nf6 18. Bb7 Bf5 19. Ne5 Bd6 20. a3 Nc2 21. Rxc2 Bxc2 22. Qxc2
Bxa3 23. Bg5 Qc7 24. Bxf6 gxf6 25. Nd7 Bd6 26. f4 Bxf4 27. Nxf6+ Kg7 28. Rxf4
Kh8 29. Qxh7# 1-0

[Event "XXVI Miedzynarodowy Festiwal Szachowy w Poznaniu - OPEN A"]
[Site "Poznan"]
[Date "2018-08-24"]
[Round "7.33"]
[White "Nicikowski, Jozef"]
[Black "Najdzionek, Boleslaw "]
[Result "0-1"]
[WhiteTitle ""]
[BlackTitle ""]
[WhiteElo "1459"]
[BlackElo "1715"]

1. e4 c5 2. d3 Nc6 3. Nf3 d6 4. Nbd2 Nf6 5. g3 g6 6. Bg2 Bg7 7. O-O O-O 8. Re1
Qc7 9. c3 e5 10. Nf1 Bd7 11. a4 a6 12. Bg5 Rae8 13. Qd2 Na5 14. Qc2 Be6 15. N1d2
h6 16. Be3 Ng4 17. h3 Nxe3 18. fxe3 Qd7 19. Kh2 g5 20. g4 f6 21. Nf1 c4 22. d4
Nb3 23. Rad1 Qc7 24. Ng3 Rd8 25. d5 Bd7 26. Nf5 Bxa4 27. Qb1 Nc5 28. Rd2 Bd7 29.
Kg3 Rfe8 30. Rh1 Bxf5 31. gxf5 h5 32. Bf1 b5 33. Rg2 Bh6 34. Kf2 Kf7 35. Be2 Rh8
36. Rhg1 Rdg8 37. Nh2 Bf8 38. Qd1 Nxe4+ 39. Ke1 h4 40. Bh5+ Ke7 41. Bg6 Qb6 42.
Ng4 Bg7 43. Qc2 Ng3 44. Kf2 a5 45. Ra1 Ra8 46. Rgg1 Qc5 47. Rgd1 Rhb8 48. Nxe5
fxe5 49. f6+ Bxf6 50. Bh7 Rf8 51. Rd4 exd4 52. cxd4 Bxd4+ 0-1

[Event "XXVI Miedzynarodowy Festiwal Szachowy w Poznaniu - OPEN A"]
[Site "Poznan"]
[Date "2018-08-24"]
[Round "7.34"]
[White "Zielinski, Tomasz"]
[Black "Weglarz, Janusz"]
[Result "0-1"]
[WhiteTitle ""]
[BlackTitle ""]
[WhiteElo "1382"]
[BlackElo "1707"]

1. e4 c5 2. Nf3 d6 3. d4 cxd4 4. Nxd4 Nf6 5. f3 g6 6. c4 Bg7 7. Be3 O-O 8. Be2
Nc6 9. Nc3 a6 10. Nc2 Be6 11. O-O Nd7 12. Qd2 f6 13. Rac1 Rc8 14. Nd5 Bf7 15.
b3 g5 16. f4 gxf4 17. Rxf4 Nce5 18. Rh4 Ng6 19. Rg4 Nc5 20. Bf3 Be6 21. Rg3 Bxd5
22. exd5 Qe8 23. Nd4 f5 24. Bh5 Ne4 25. Bxg6 hxg6 26. Qd3 Nxg3 27. hxg3 Bxd4 28.
Bxd4 e5 29. dxe6 Qxe6 30. Bc3 Qe4 31. Qd2 Rce8 32. Re1 Qxe1+ 33. Qxe1 Rxe1+ 34.
Bxe1 Kf7 35. Kf2 Re8 36. Bd2 Re4 37. Bc3 Ke6 38. Kf3 d5 39. cxd5+ Kxd5 40. a3
g5 41. Bf6 g4+ 42. Kf2 Re6 43. Bc3 Rc6 44. Bd2 Ke4 45. b4 Kd3 46. Be3 Rc2+ 47.
Kf1 Ra2 0-1

[Event "XXVI Miedzynarodowy Festiwal Szachowy w Poznaniu - OPEN A"]
[Site "Poznan"]
[Date "2018-08-24"]
[Round "7.35"]
[White "Hoffmann, Piotr"]
[Black "Zurawski, Kamil"]
[Result "1/2-1/2"]
[WhiteTitle ""]
[BlackTitle ""]
[WhiteElo "1649"]
[BlackElo "1690"]

1. Nc3 d5 2. e4 e6 3. exd5 exd5 4. d4 Nc6 5. Nf3 Bg4 6. Be2 Qd7 7. h3 Bf5 8. Bd3
O-O-O 9. Be3 f6 10. Qd2 Nb4 11. Bxf5 Qxf5 12. O-O-O Ne7 13. a3 Nbc6 14. Bf4 Ng6
15. Bg3 Bd6 16. Ne2 h5 17. Bxd6 Rxd6 18. Ng3 Qd7 19. Rhe1 Nce7 20. Re2 Rb6 21.
Rde1 Kd8 22. Qd3 Qb5 23. Qc3 Rc6 24. Qb4 Qxb4 25. axb4 h4 26. Nf1 Nf5 27. Ne3
Nxe3 28. fxe3 Re6 29. Kd2 Rb6 30. c3 a5 31. Ra1 axb4 32. Ra8+ Kd7 33. Rxh8 bxc3+
34. bxc3 Nxh8 35. Nxh4 g5 36. Nf5 Nf7 37. Kc2 Ra6 38. Kd3 Nd6 39. Nxd6 Kxd6 1/2-1/2

[Event "XXVI Miedzynarodowy Festiwal Szachowy w Poznaniu - OPEN A"]
[Site "Poznan"]
[Date "2018-08-24"]
[Round "7.36"]
[White "Szafranski, Maciej "]
[Black "Szczepaniak, Artur "]
[Result "1-0"]
[WhiteTitle ""]
[BlackTitle ""]
[WhiteElo "1425"]
[BlackElo "1677"]

1. e4 c5 2. Nf3 d6 3. d4 cxd4 4. Nxd4 Nf6 5. f3 a6 6. Be3 e6 7. Nc3 Be7 8. Qd2
O-O 9. g4 Qc7 10. h4 Nc6 11. h5 Ne5 12. g5 Nfd7 13. O-O-O Nc4 14. Bxc4 Qxc4 15.
g6 Ne5 16. h6 fxg6 17. hxg7 Rf7 18. Rh3 Bd7 19. Rdh1 Rxg7 20. Rg3 Qc8 21. f4 Nc4
22. Qf2 Nxe3 23. Qxe3 Qc4 24. Qd2 Bf6 25. Nb3 Qc7 26. Qh2 Bc6 27. Qe2 Rf8 28.
Qe3 Bxc3 29. bxc3 Qf7 30. Rf1 e5 31. f5 Qc4 32. Nd2 Qxa2 33. f6 Ba4 34. Qd3 Rgf7
35. Rgf3 Qe6 36. Kd1 Rxf6 37. Rxf6 Rxf6 38. Rxf6 Qxf6 39. Qc4+ Qf7 40. Qxa4 g5
41. Qa5 Kg7 42. Qd8 Qh5+ 43. Ke1 Qh1+ 44. Ke2 Qh2+ 45. Ke1 Qf4 46. Qe7+ Kg6 47.
Qxd6+ Kh5 48. Qd7 Qe3+ 49. Kd1 Qxc3 50. Qxh7+ Kg4 51. Qf5+ Kh5 52. Nf3 Qe3 53.
Qh3+ 1-0

[Event "XXVI Miedzynarodowy Festiwal Szachowy w Poznaniu - OPEN A"]
[Site "Poznan"]
[Date "2018-08-24"]
[Round "7.37"]
[White "Pietras, Igor"]
[Black "Hoffmann, Kacper "]
[Result "0-1"]
[WhiteTitle ""]
[BlackTitle ""]
[WhiteElo "1140"]
[BlackElo "1569"]

1. e4 d6 2. f4 Nf6 3. Nc3 e5 4. fxe5 dxe5 5. d3 Bc5 6. Be2 Qd4 7. Qd2 Qf2+ 8. Kd1
Qxg2 9. Bf3 Qxd2+ 10. Bxd2 Bg4 11. Nb5 Na6 12. Bxg4 Nxg4 13. Nh3 c6 14. Nc3 Nf2+
15. Nxf2 Bxf2 16. Ke2 Bb6 17. Na4 Bd8 18. Rhg1 Rg8 19. Rg3 f6 20. Bh6 g5 21. h4
Rg6 22. hxg5 fxg5 23. Bxg5 h6 0-1

[Event "XXVI Miedzynarodowy Festiwal Szachowy w Poznaniu - OPEN A"]
[Site "Poznan"]
[Date "2018-08-24"]
[Round "7.38"]
[White "Kugler, Pawel"]
[Black "Nowak, Patrycja"]
[Result "0-1"]
[WhiteTitle ""]
[BlackTitle ""]
[WhiteElo "1561"]
[BlackElo "1221"]

1. d4 d5 2. Nf3 c6 3. c4 Bf5 4. cxd5 cxd5 5. Nc3 e6 6. e3 Nc6 7. Be2 Nf6 8. a3
a6 9. Nh4 Bg6 10. Nxg6 hxg6 11. O-O Bd6 12. f4 Qc7 13. Bd2 g5 14. g3 O-O-O 15.
b4 gxf4 16. gxf4 g5 17. Bc1 Rdg8 18. Kh1 Rh4 19. Rg1 Rgh8 20. Rg2 gxf4 21. exf4
Bxf4 22. Bxf4 Qxf4 23. Qg1 Qxd4 24. Rc1 Qxg1+ 25. Kxg1 Kd7 26. b5 Nd4 27. Bd1
Nxb5 28. Ba4 Rc4 29. Rcc2 Rg8 30. Nxb5 Rxg2+ 31. Kxg2 Rxc2+ 32. Bxc2 axb5 33.
h4 Kd6 34. Kf3 e5 35. Bd1 Kc5 36. Ke3 d4+ 37. Kd2 e4 38. h5 Kc4 39. h6 Nh7 40.
Bh5 Ng5 41. Be2+ Kb3 42. Bg4 Kxa3 43. Bf5 b4 44. Kc1 e3 45. h7 Nxh7 46. Bxh7 Kb3
47. Bd3 Kc3 48. Bb5 d3 49. Kd1 b3 0-1

[Event "XXVI Miedzynarodowy Festiwal Szachowy w Poznaniu - OPEN A"]
[Site "Poznan"]
[Date "2018-08-24"]
[Round "7.39"]
[White "Cichon, Ludwik "]
[Black "Zatylny, Jan "]
[Result "1/2-1/2"]
[WhiteTitle ""]
[BlackTitle ""]
[WhiteElo "1139"]
[BlackElo "1548"]

1. e4 e6 2. d4 d5 3. e5 a6 4. Nf3 Nd7 5. c3 c5 6. a3 h6 7. b4 c4 8. a4 b6 9. a5
b5 10. h3 Be7 11. Nh2 Bg5 12. g3 Bxc1 13. Qxc1 Ne7 14. f4 f5 15. Qe3 g6 16. Nd2
Bb7 17. Be2 Qc7 18. O-O-O O-O-O 19. Rdg1 Rdg8 20. Nhf1 Qd8 21. Rg2 g5 22. Rhh2
gxf4 23. gxf4 Qf8 24. Rg1 Rxg1 25. Qxg1 Rg8 26. Rg2 Rxg2 27. Qxg2 Qg8 28. Qxg8+
Nxg8 29. h4 Kd8 30. h5 Ke7 31. Kd1 Bc6 32. Ke1 Kf8 33. Kf2 Ke7 1/2-1/2

[Event "XXVI Miedzynarodowy Festiwal Szachowy w Poznaniu - OPEN A"]
[Site "Poznan"]
[Date "2018-08-24"]
[Round "7.40"]
[White "Huchwajda, Grzegorz"]
[Black "Korzystka, Wiktor"]
[Result "1-0"]
[WhiteTitle ""]
[BlackTitle ""]
[WhiteElo "1531"]
[BlackElo "1261"]

1. e4 e5 2. Nf3 Nc6 3. Nc3 Bc5 4. Nxe5 Nxe5 5. d4 Bxd4 6. Qxd4 Qf6 7. Nb5 Kd8 8.
Qc5 Qe7 9. Qxc7+ Ke8 10. Nd6+ Kf8 11. Nxc8 Qb4+ 12. Bd2 Qxe4+ 13. Be2 Nc6 14.
Be3 Qxc2 15. Bf3 Nge7 16. Nxe7 Kxe7 17. Bxc6 bxc6 18. Qe5+ Kd8 19. O-O f6 20.
Qa5+ Ke7 21. Rfe1 Kf7 22. Qh5+ g6 23. Qc5 Qxb2 24. Bd4 Qb5 25. Qe7+ Kg8 1-0

[Event "XXVI Miedzynarodowy Festiwal Szachowy w Poznaniu - OPEN A"]
[Site "Poznan"]
[Date "2018-08-24"]
[Round "7.41"]
[White "Zarzycki, Lukasz "]
[Black "Kabzinski, Jan "]
[Result "1/2-1/2"]
[WhiteTitle ""]
[BlackTitle ""]
[WhiteElo "1130"]
[BlackElo "1522"]

1. e4 c5 2. Nf3 Nc6 3. Bb5 d6 4. O-O Bd7 5. Re1 Nf6 6. Nc3 a6 7. Bf1 e5 8. Bc4
Be7 9. d3 O-O 10. h3 b5 11. Bb3 Be6 12. Ng5 Bxb3 13. axb3 b4 14. Ne2 Nd7 15. Nf3
f5 16. exf5 Rxf5 17. Ng3 Rf8 18. c4 Nf6 19. Bd2 Qe8 20. Qe2 Nh5 21. Be3 Nf4 22.
Bxf4 Rxf4 23. Qd1 Qg6 24. Re4 Rxe4 25. dxe4 Nd4 26. Qd3 Qe6 27. Nf5 g6 28. Nxe7+
Qxe7 29. Nxd4 exd4 30. f4 Qd7 31. Re1 Re8 32. Qg3 Kh8 33. Qg5 Qe7 34. Qxe7 Rxe7
35. e5 dxe5 36. fxe5 Kg7 37. g4 Kf7 38. Kf2 Ke6 39. Kf3 g5 40. Kg3 a5 41. Kg2
Ra7 42. Rf1 Rf7 43. Re1 Ra7 44. Rf1 Rf7 45. Re1 Rd7 46. Kf3 Kf7 47. Kg2 1/2-1/2

[Event "XXVI Miedzynarodowy Festiwal Szachowy w Poznaniu - OPEN A"]
[Site "Poznan"]
[Date "2018-08-24"]
[Round "7.42"]
[White "Tadych, Szymon "]
[Black "Kaluzny, Stanislaw "]
[Result "1-0"]
[WhiteTitle ""]
[BlackTitle ""]
[WhiteElo "1468"]
[BlackElo "1321"]

1. d4 d5 2. c4 dxc4 3. Nc3 Nf6 4. e3 Nc6 5. Bxc4 e6 6. Nf3 a6 7. O-O Be7 8. Bd2
O-O 9. a3 b5 10. Ba2 Bb7 11. Ne2 Rc8 12. Ng3 h6 13. Rc1 Bd6 14. Qe2 Re8 15. Rc2
e5 16. dxe5 Nxe5 17. Nxe5 Bxe5 18. Bc3 c5 19. Bxe5 Rxe5 20. Rd1 Qe7 21. Rcd2 c4
22. Bb1 Re8 23. Nf5 Qc5 24. Nd6 Qc6 25. Nxb7 Qxb7 26. Qf3 Qc7 27. Rd6 Qa5 28.
Qc6 b4 29. Qxc4 bxa3 30. Rxa6 Qc5 31. Qxc5 Rxc5 32. bxa3 Rec8 33. h3 Rc1 34. Rad6
Ne8 35. R6d3 g6 36. Kh2 Nf6 37. Rd8+ Rxd8 38. Rxc1 Ra8 39. Rc3 Kg7 40. Ba2 Ne4
41. Rc7 Nd6 42. Rd7 Rxa3 43. Rxd6 Rxa2 44. Kg3 h5 45. e4 Re2 46. Kf3 Re1 47. Kf4
Re2 48. Kf3 Re1 49. g3 Kh7 50. h4 Kg7 51. Kf4 Re2 52. f3 Re1 53. g4 hxg4 54. Kxg4
Rg1+ 55. Kf4 Rh1 56. Kg3 Rg1+ 57. Kh2 Rf1 58. Kg2 Re1 59. Rd5 Re2+ 60. Kg3 Re1
61. h5 Rg1+ 62. Kf4 gxh5 63. Rxh5 Kg6 64. Ra5 f6 65. Ra6 Kf7 66. Kf5 Rg5+ 67.
Kf4 Re5 68. Ra7+ Kg6 69. Rd7 Rg5 70. Rd8 Kf7 71. Rd5 Rxd5 72. exd5 Ke7 73. Kf5
1-0

[Event "XXVI Miedzynarodowy Festiwal Szachowy w Poznaniu - OPEN A"]
[Site "Poznan"]
[Date "2018-08-24"]
[Round "7.44"]
[White "Nawrowski, Artur "]
[Black "Muller, Marcin "]
[Result "1-0"]
[WhiteTitle ""]
[BlackTitle ""]
[WhiteElo "1024"]
[BlackElo "1351"]

1. d4 g6 2. c4 Bg7 3. Nc3 c6 4. Nf3 d6 5. e4 Bg4 6. Be2 Nh6 7. Qb3 b6 8. Be3 O-O
9. O-O Kh8 10. Ng5 Bxe2 11. Nxe2 e6 12. Rad1 Ng4 13. e5 Nxe3 14. Qxe3 Bh6 15.
f4 d5 16. Qh3 Bxg5 17. fxg5 Qxg5 18. Rf6 Nd7 19. Rf4 dxc4 20. Rg4 Qe7 21. Qh6
f5 22. Nf4 Qg7 23. Nxg6+ Kg8 24. Ne7+ 1-0

[Event "XXVI Miedzynarodowy Festiwal Szachowy w Poznaniu - OPEN A"]
[Site "Poznan"]
[Date "2018-08-24"]
[Round "7.46"]
[White "Plichta, Olga"]
[Black "Dopierala, Adam"]
[Result "1-0"]
[WhiteTitle ""]
[BlackTitle ""]
[WhiteElo "1244"]
[BlackElo "1305"]

1. e4 e5 2. Nc3 Nf6 3. Bc4 Bc5 4. d3 d6 5. f4 O-O 6. f5 c6 7. Qf3 b5 8. Bb3 h6
9. g4 Kh7 10. h4 Ng8 11. g5 f6 12. gxh6 Nxh6 13. Qg3 Qe8 14. h5 Kh8 15. Qg6 d5
16. Nxd5 Qxg6 17. hxg6 1-0

[Event "XXVI Miedzynarodowy Festiwal Szachowy w Poznaniu - OPEN A"]
[Site "Poznan"]
[Date "2018-08-24"]
[Round "7.47"]
[White "Stanislawski, Karol"]
[Black "Trochimowicz, Bartosz"]
[Result "0-1"]
[WhiteTitle ""]
[BlackTitle ""]
[WhiteElo "1104"]
[BlackElo "1302"]

1. d4 f5 2. c4 Nf6 3. Nc3 e6 4. Nf3 c6 5. g3 Be7 6. Bg2 d5 7. Ne5 O-O 8. O-O Nbd7
9. f4 Ne4 10. e3 Ndf6 11. c5 Qe8 12. Nxe4 Nxe4 13. b4 Bd7 14. Bb2 g5 15. Qe2 Bf6
16. Bxe4 dxe4 17. fxg5 Bxg5 18. g4 Bf6 19. gxf5 exf5 20. Qg2+ Kh8 21. Kh1 Rg8
22. Qf2 Be6 23. Rg1 Bxe5 24. dxe5 Qh5 25. Qd2 Qf3+ 26. Rg2 Rg6 27. Qe2 Rxg2 28.
Qxg2 Qxe3 29. Rg1 Qf3 30. Qxf3 exf3 31. Rg3 f2 32. Kg2 Rd8 33. Bc3 f4 34. Rg5
Rd3 35. Kxf2 Rxc3 36. a4 Rc4 37. b5 cxb5 38. axb5 Rxc5 39. Rh5 Rxb5 40. Rh4 Rxe5
41. Rxf4 Rf5 42. Rxf5 Bxf5 43. Ke3 Bd7 44. Kd4 Bc6 45. Kc4 Kg7 46. Kc5 Kf6 47.
Kd4 Kf5 48. Ke3 Kg5 49. Kf2 h5 50. Ke3 Kg4 51. Kf2 b5 52. Ke3 a5 53. Kd3 Kh3 54.
Kd4 Kxh2 55. Kc5 Be8 56. Kd4 b4 57. Kc4 Kg3 58. Kb3 h4 59. Kb2 a4 60. Ka2 h3 61.
Kb2 h2 62. Ka2 h1=Q 63. Kb2 Qg2+ 64. Kc1 a3 65. Kb1 Bg6+ 66. Ka1 Qb2# 0-1

[Event "XXVI Miedzynarodowy Festiwal Szachowy w Poznaniu - OPEN A"]
[Site "Poznan"]
[Date "2018-08-24"]
[Round "7.48"]
[White "Purczynski, Andrzej"]
[Black "Lakowski, Filip"]
[Result "1-0"]
[WhiteTitle ""]
[BlackTitle ""]
[WhiteElo "1235"]
[BlackElo "1210"]

1. b4 e5 2. Bb2 Bxb4 3. Bxe5 Nf6 4. Nf3 Nc6 5. a3 Bc5 6. Bb2 O-O 7. e3 d6 8. c4
Bf5 9. Nc3 Qe7 10. Be2 Rad8 11. O-O Rfe8 12. d3 d5 13. d4 Bb6 14. cxd5 Nxd5 15.
Nxd5 Rxd5 16. Bc4 Red8 17. Re1 Bg4 18. h3 Bh5 19. Bd3 a6 20. Qb3 Bxf3 21. gxf3
Qg5+ 22. Kh2 Qh5 23. Be2 R5d6 24. Rg1 Rh6 25. Rg3 Ne7 26. e4 Ng6 27. Qe3 Ne7 28.
f4 Qh4 29. Rg4 Qf6 30. e5 Qe6 31. Rag1 Rg6 32. Rxg6 hxg6 33. Bg4 Qa2 34. Qc1 Ba7
35. Qxc7 1-0

[Event "XXVI Miedzynarodowy Festiwal Szachowy w Poznaniu - OPEN A"]
[Site "Poznan"]
[Date "2018-08-24"]
[Round "7.49"]
[White "Aleshko, Igor L"]
[Black "Kierska, Pola"]
[Result "1-0"]
[WhiteTitle ""]
[BlackTitle ""]
[WhiteElo "1222"]
[BlackElo "1070"]

1. e4 e5 2. Nf3 Nc6 3. Bb5 a6 4. Ba4 b5 5. Bb3 Nf6 6. O-O Bc5 7. c3 d6 8. Re1 O-O
9. d4 exd4 10. cxd4 Bb6 11. h3 h6 12. Nc3 Re8 13. a3 d5 14. e5 Nh7 15. Bxd5 Bb7
16. Be3 Ba5 17. Rc1 Bxc3 18. Bxc6 Bxe1 19. Bxe8 Qxe8 20. Qxe1 Bxf3 21. gxf3 Qe7
22. Kh2 Rc8 23. Rc6 Ng5 24. Bxg5 Qxg5 25. Qe3 Qxe3 26. fxe3 a5 27. Rc5 c6 28.
d5 Rd8 29. d6 a4 30. Rxc6 Kf8 31. Kg3 Ke8 32. Rb6 Rc8 33. Rxb5 Rc6 34. Rb8+ Kd7
35. Rb7+ Ke6 36. Re7+ Kd5 37. d7 Kc4 38. d8=Q Rg6+ 39. Kf2 Kb3 40. Qd1+ Kxb2 41.
Rb7+ Kc3 42. Qd4+ Kc2 43. Rb2+ Kc1 44. Qd2# 1-0